000 01397nam a22003857a 4500
001 0034780
003 KOHA_MİRAKIL
005 20260207002927.0
007 ta
008 120104b1991 tu |||gr||||#0|||0|tur |
020 _a9751603811
040 _aTR-BiSEU
_btur
_cTR-BiSEU
_erda
041 0 _atur
044 _ctu
050 _aDR531
_b.H35 1991
100 1 _aHalaçoğlu, Yusuf.
245 1 _aXVIII. Yüzyılda Osmanlı İmparatorluğu'nun İskan Siyaseti ve Aşiretlerin Yerleştirilmesi/
_cYusuf Halaçoğlu ; Yusuf Halaçoğlu.
264 1 _aAnkara :
_bTürk Tarih Kurumu
_c1991
300 _aXX, 179 sayfa :hrt. ;
_c23 cm.
336 _ametin
_btxt
_2rdacontent
337 _aaracısız
_bn
_2rdamedia
338 _acilt
_bnc
_2rdacarrier
490 1 _aAtatürk Kültür,Dil ve Tarih Yüksek Kurumu Türk Tarih Kurumu Yayınları ;
_vVII.
490 1 _adizi- sayı 92-1
500 _aKaynakça ve dizin var.
650 0 _aLand settlement--Turkey--History.
_966949
650 0 _aForced migration--Turkey--History.
_921281
650 0 _aTurkey--History--1683-1829.
_914945
650 0 _aZorunlu göç--Türkiye--Tarih.
_966950
650 0 _aZorurnlu iskan--Türkiye--Tarih.
_966951
830 1 _aAtatürk Kültür,Dil ve Tarih Yüksek Kurumu Türk Tarih Kurumu Yayınları ;
_vVII.
_914135
830 1 _adizi- sayı 92-1
_966952
907 _aTarih
942 _2lcc
_cBK
999 _c34688
_d34688